000 00751nam a2200289Ia 4500
005 20260324144538.0
008 008 260324s9999 xx 000 0 eng d
020 _a9781315801902
037 _aEBOOK
040 _aCRL
040 _beng
040 _cCRL
041 _2eng
041 _aeng
084 _qCRL
100 _aNeil E. Grunberg; Judith Rodin; Jerome E. Singer; R. E. Nisbett
_91219720
245 2 _aA Distinctive Approach To Psychological Research
245 4 _bThe Influence of Stanley Schachter
260 _bTaylor and Francis
260 _c1987
365 _a
365 _b145
856 _uhttp://www.taylorfrancis.com/books/9781315801902
942 _cEBOOK
999 _c1826463
_d1826463